| 000 | 00587nam a2200217 a 4500 | ||
|---|---|---|---|
| 001 | 52662 | ||
| 003 | BD-RjUL | ||
| 005 | 20211209075836.0 | ||
| 008 | 160925s1976 bg a 000 0 eng | ||
| 035 | _a(BD-RjUL)52782 | ||
| 040 |
_aDLC _cCarP _dDLC _dBD-RjUL _beng |
||
| 041 | _aeng | ||
| 082 |
_223 _a530 _bKAT 1976 |
||
| 100 | 1 |
_aKalimuddin, Md. _9157488 |
|
| 245 | 1 | 2 |
_aA text book of practical physics / _cMd. Kalimuddin |
| 250 | _a[4th ed.] | ||
| 260 |
_aDacca : _bBegum Armansa, _c1976 |
||
| 300 |
_axvi, 458 p. : _bill. ; _c22 cm. |
||
| 650 | 0 |
_aPhysics. _9157489 |
|
| 942 |
_2ddc _cBK |
||
| 999 |
_c52662 _d52662 |
||